Online Catalogue and eLibrary

Culture, Power and Agency (Record no. 4479)

MARC details
000 -LEADER
fixed length control field 00486nam a2200193Ia 4500
005 - DATE AND TIME OF LATEST TRANSACTION
control field 20241220030935.0
008 - FIXED-LENGTH DATA ELEMENTS--GENERAL INFORMATION
fixed length control field 240331s9999 xx 000 0 und d
020 ## - INTERNATIONAL STANDARD BOOK NUMBER
ISBN 8185604819
082 ## - DDC Classification
Item Number - Author Mark LIN
DDC Edition Number 6171
Class No. 305
245 #0 - TITLE STATEMENT
Title Culture, Power and Agency
Remainder of title Gender in Indian Ethnography
260 ## - PUBLICATION, DISTRIBUTION, ETC.
Place of publication, distribution, etc. Kolkata
Name of publisher, distributor, etc. STREE
Date of publication, distribution, etc. 2006
300 ## - PHYSICAL DESCRIPTION
Extent (e.g. Volumes, Pages etc.) xxiv, 231 p.,
650 ## - SUBJECT ADDED ENTRY--TOPICAL TERM
Topical term or geographic name entry element Culture
650 ## - SUBJECT ADDED ENTRY--TOPICAL TERM
Topical term or geographic name entry element Gender
650 ## - SUBJECT ADDED ENTRY--TOPICAL TERM
Topical term or geographic name entry element Women
700 ## - ADDED ENTRY--PERSONAL NAME
Personal name Fruzzetti, L
Relator term (Role) Editor
700 ## - ADDED ENTRY--PERSONAL NAME
Personal name Tenhunen, S
Relator term (Role) Editor
942 ## - Koha item type (Biblio)
Koha item type Books in Stacks (Lending)
Holdings
Lost status Damaged status Collection code Home library Current library Shelving location Date acquired Full call number Accession Number Item type
    Lending WERC Library WERC Library Social Science Cupboard 03/31/2024 305 CUL 6171 Books in Stacks (Lending)

© WERC Library